Luật học

Kaydedildi:
Detaylı Bibliyografya
Materyal Türü: Kitap
Dil:Undetermined
Baskı/Yayın Bilgisi: Hà Nội Trường Đại học Luật Hà Nội 2019
Konular:
Etiketler: Etiketle
Etiket eklenmemiş, İlk siz ekleyin!
Thư viện lưu trữ: Trung tâm Học liệu Trường Đại học Cần Thơ
LEADER 00511nam a2200181Ia 4500
001 CTU_233727
008 210402s9999 xx 000 0 und d
020 |c 20000 
082 |a 340 
082 |b L504 
245 0 |a Luật học 
245 0 |c Trường Đại học Luật Hà Nội 
260 |a Hà Nội 
260 |b Trường Đại học Luật Hà Nội 
260 |c 2019 
650 |a Laws,Luật 
904 |i T.Trang 
980 |a Trung tâm Học liệu Trường Đại học Cần Thơ